| 000 | 00641nam a2200205 u 4500 | ||
|---|---|---|---|
| 005 | 20230622063528.0 | ||
| 008 | 080725s2007 r 000 0 eng d | ||
| 020 | _a9789706138609 (13 dígitos) | ||
| 020 | _a9706138609 (10 dígitos) | ||
| 035 | _aUPN01000158196 | ||
| 049 | _aI | ||
| 050 | 4 |
_aPZ76.3 _bV5.7 |
|
| 100 | 1 |
_aVillalón, Maga _933397 |
|
| 245 | 1 | 0 |
_aOlegario, para servirle a usted / _cMaga Villalón ; il. Sergio Romero. |
| 260 |
_aMéxico : _bOxford University, _c2007. |
||
| 300 |
_a48 p. : _bil. col. |
||
| 650 | 4 |
_aCUENTOS INFANTILES CHILENOS _911282 |
|
| 650 | 7 |
_aAves _vCuentos y leyendas _2 _94118 |
|
| 905 | _aInfantil | ||
| 999 |
_c130310 _d130310 |
||